Employee Management System (Record no. 9059)

000 -LEADER
fixed length control field 00517 a2200145 4500
082 ## - DEWEY DECIMAL CLASSIFICATION NUMBER
Classification number BIT-4
100 ## - MAIN ENTRY--PERSONAL NAME
Personal name M. Qaiser Anwar
9 (RLIN) 93559
245 ## - TITLE STATEMENT
Title Employee Management System
Statement of responsibility, etc. M. Qaiser Anwar
260 ## - PUBLICATION, DISTRIBUTION, ETC.
Place of publication, distribution, etc. Islamabad,
Name of publisher, distributor, etc. NUST School of Electrical Engineering & Computer Science,
Date of publication, distribution, etc. 2006.
300 ## - PHYSICAL DESCRIPTION
Extent iv, 90 p. :
Other physical details ill. ;
Dimensions 27 cm. +
Accompanying material CD-ROM
500 ## - GENERAL NOTE
General note Supervisors : Ms. Fakhra Jabeen, Mr. Shahrzad Khattak.
563 ## - BINDING INFORMATION
Binding note HB
856 ## - ELECTRONIC LOCATION AND ACCESS
Uniform Resource Identifier <a href="http://10.250.8.41:8080/xmlui/handle/123456789/13114">http://10.250.8.41:8080/xmlui/handle/123456789/13114</a>
942 ## - ADDED ENTRY ELEMENTS (KOHA)
Koha item type Project Report
Call number prefix BIT-4 QAI
Source of classification or shelving scheme
Holdings
Withdrawn status Lost status Source of classification or shelving scheme Damaged status Not for loan Permanent Location Current Location Shelving location Date acquired Full call number Barcode Date last seen Price effective from Koha item type
WITHDRAWN         Central Library (CL) Central Library (CL) General Stacks 06/07/2014 BIT-4 QAI SEECSP00212 11/14/2012 01/05/2017 Project Report
© 2023 Central Library, National University of Sciences and Technology. All Rights Reserved.